|
|
|
|
| LEADER |
00000cam a2200000 7i4500 |
| 001 |
0000003904 |
| 005 |
20151222.0 |
| 008 |
070720 |
| 020 |
|
|
|a 9833528112(set)
|
| 020 |
|
|
|a 9833528198
|
| 090 |
0 |
0 |
|a JF
|b MAL
|
| 100 |
0 |
|
|a Faramimi Aisyah Naquiah
|
| 245 |
1 |
0 |
|a Si Gundang vs raksasa kumbang
|c Faramimi Aisyah Naquiah
|
| 260 |
|
|
|a Selangor :
|b Pustaka Permai ,
|c 2006
|
| 440 |
|
0 |
|a Si Gundang perwira xyron
|
| 500 |
|
|
|a Children ages 10-12 years old (pink)
|
| 650 |
|
0 |
|a Adventure
|
| 650 |
|
0 |
|a Malay fiction
|
| 710 |
0 |
|
|a Title
|
| 999 |
|
|
|a 0000971615
|b Book
|c Children Collection
|e Cawangan Mersing
|
| 999 |
|
|
|a 0000971616
|b Book
|c Children Collection
|e Perbadanan Perpustakaan Awam Johor
|
| 999 |
|
|
|a 0000971617
|b Book
|c Children Collection
|e Perbadanan Perpustakaan Awam Johor
|
| 999 |
|
|
|a 0000971618
|b Book
|c Children Collection
|e Cawangan Pontian
|
| 999 |
|
|
|a 0000971619
|b Book
|c Children Collection
|e Cawangan Bandar Penawar
|